000 00956nam0a22002651 4500
001 rc\2777129
005 20250806204952.0
035 _a(NLR Aleph) 006903409
090 _a30661
_c30661
100 _a20110915d1941 u y0rusy50 ca
101 0 _arus
102 _aRU
105 _ay z |||||
200 1 _aКоричневая чума
_eЛицо германского фашизма в сов. и иностр. худож. литературе и кино
_fСборник сост. Вл. Новицкий
210 _aПетрозаводск
_cГос. изд-во Карело-Финской ССР
_d1941
215 _a140 с.
_d19 см.
300 _aСост. на обл. не указан
700 1 _aНовицкий
_bВл.
801 0 _aRU
_bNLR
_gpsbo
801 1 _aRU
_bELAR
_2rusmarc
852 _aNLR
_j57-3/536
942 _cBOOK
945 _aРоссийская национальная библиотека
980 _aNB
980 _aBV